Welcome to the Holygrace Academy Library

Please use search bar below to get started

MOHANDAS KARAMCHAND GANDHI (Record no. 6734)

MARC details
000 -LEADER
fixed length control field 00318nam a22001457a 4500
020 ## - INTERNATIONAL STANDARD BOOK NUMBER
ISBN 978-93-5103-993-8
082 ## - DEWEY DECIMAL CLASSIFICATION NUMBER
Classification number 920
Item number ADI/M
100 ## - MAIN ENTRY--AUTHOR NAME
Personal name DE,ADITI
245 ## - TITLE STATEMENT
Title MOHANDAS KARAMCHAND GANDHI
250 ## - EDITION STATEMENT
Edition statement FIRST
260 ## - PUBLICATION, DISTRIBUTION, ETC. (IMPRINT)
Place of publication LONDON
Name of publisher SCHOLASTIC
Year of publication 2015
300 ## - PHYSICAL DESCRIPTION
Number of Pages 148
650 ## - SUBJECT ADDED ENTRY--TOPICAL TERM
Topical Term ABOUT GANDHI
Geographic subdivision UK
942 ## - ADDED ENTRY ELEMENTS (KOHA)
Koha item type Books
Holdings
Withdrawn status Lost status Collection code Home library Current library Shelving location Date acquired Source of acquisition Full call number Accession Number Koha item type
    Reference Main Library Main Library SHELF-17-L-BIOGRAPHIES & AUTOBIOGRAPHIES 09/11/2016 PURCHASE 920 ADI/M 09962 Books